La cuenta del zapatero (Record no. 179925)

MARC details
000 -LEADER
campo de control de longitud fija 00885nam a22002295i 4500
001 - NÚMERO DE CONTROL
campo de control 179925
003 - IDENTIFICADOR DE NÚMERO DE CONTROL
campo de control ES-MaACL
005 - FECHA Y HORA DE LA ÚLTIMA TRANSACCIÓN
campo de control 20230906220937.0
008 - DATOS DE LONGITUD FIJA--INFORMACIÓN GENERAL
campo de control de longitud fija 120229s1843 sp |||| | spa d
080 ## - NÚMERO DE LA CLASIFICACIÓN DECIMAL UNIVERSAL
Número de la Clasificación Decimal Universal 821.133.1-23"18"
100 1# - ENTRADA PRINCIPAL--NOMBRE DE PERSONA
Nombre de persona Mélesville (
Fechas asociadas al nombre 1787-1865)
9 (RLIN) 149489
245 13 - MENCIÓN DEL TÍTULO
Título La cuenta del zapatero
Resto del título : comedia en un acto /
Mención de responsabilidad, etc. escrita en francés por Melesville ; (traducida por J. G. Doncel).
260 ## - PUBLICACIÓN, DISTRIBUCIÓN, ETC.
Lugar de publicación, distribución, etc. Madrid :
Nombre del editor, distribuidor, etc. [s.a.,
Fecha de publicación, distribución, etc. s.a.] (
Fabricante Imprenta de Pedro Mora y Soler)
300 ## - DESCRIPCIÓN FÍSICA
Extensión 18 p. ;
Dimensiones 25 cm.
490 1# - MENCIÓN DE SERIE
Mención de serie Museo dramático
594 ## - Nota al título y mención de responsabilidad
Nota al título y mención de responsabilidad Título y autores tomados de principio del texto.
596 ## - NOTA AL PIE DE IMPRENTA
NOTA AL PIE DE IMPRENTA Pie de imp. tomado de colofón.
700 1# - ENTRADA AGREGADA--NOMBRE PERSONAL
Nombre de persona García Doncel, Juan.
9 (RLIN) 147935
830 0# - PUNTO DE ACCESO ADICIONAL DE SERIE-TÍTULO UNIFORME
Título uniforme Museo dramático
9 (RLIN) 187645
852 ## - LOCALIZACIÓN
Ubicación ES-MaACL
Número de control de estantería F-7489(20)
Nota libre .- Enc. hol. -- Falto de la port. y la cub. original -- Enc. en un vol. facticio
Holdings
Estatus retirado Estado de pérdida Estado de daño No para préstamo Biblioteca de origen Biblioteca actual Ubicación en estantería Fecha de adquisición Fuente de adquisición Total de préstamos Signatura topográfica completa Código de barras Visto por última vez Precio de reemplazo Tipo de ítem Koha
        Biblioteca del Ateneo de Madrid Biblioteca del Ateneo de Madrid Depósito 2 29/02/2012     F-7489(20) 1189021 23/02/2023 23/02/2023 Libro impreso